| 000 | 01501cam a2200385 a 4500 | ||
|---|---|---|---|
| 001 | nightwoman00pric | ||
| 003 | CaSfIA | ||
| 005 | 20210118193320.0 | ||
| 007 | cr|||| | ||
| 008 | 920325s1992 nyu 000 1 eng | ||
| 010 | _a 92050164 | ||
| 040 |
_aDLC _cDLC _dTMN _dJRD _dSVP _dOCL _dOCLCQ _dBAKER _dBTCTA _dYDXCP _dOCLCG _dOTP _dCaSfIA |
||
| 020 |
_a0671749935 : _c$21.00 ($26.00 Can.) |
||
| 020 | _a9780671749934 | ||
| 035 | _a(OCoLC)25775822 | ||
| 043 | _an-us-nb | ||
| 050 | 0 | 0 |
_aPS3566.R49 _bN5 1992 |
| 082 | 0 | 0 |
_a813/.54 _220 |
| 082 | 1 | 4 | _a[Fic] |
| 100 | 1 |
_aPrice, Nancy, _d1925- |
|
| 245 | 1 | 0 |
_aNight woman / _h[electronic resource] _cNancy Price. |
| 260 |
_aNew York : _bPocket Books, _cc1992. |
||
| 300 |
_a314 p. ; _c25 cm. |
||
| 651 | 0 |
_aNebraska _vFiction. |
|
| 655 | 7 |
_aMystery fiction. _2gsafd |
|
| 856 | 4 | 1 |
_uhttp://www.archive.org/details/nightwoman00pric _zFree eBook from the Internet Archive |
| 856 | 4 | 2 |
_uhttp://www.openlibrary.org/books/OL1743061M _zAdditional information and access via Open Library |
| 029 | 1 |
_aNLGGC _b095276297 |
|
| 029 | 1 |
_aYDXCP _b527857 |
|
| 029 | 1 |
_aNZ1 _b4169941 |
|
| 029 | 1 |
_aAU@ _b000009110831 |
|
| 942 | _cEB | ||
| 506 | _fНеобхідна авторизація на https://archive.org/ (створення облікового запису безкоштовно) | ||
| 506 | _fНеобхідна авторизація на https://openlibrary.org/ (створення облікового запису безкоштовно) | ||
| 999 |
_c530989 _d530989 |
||